000 00589cad a22002175a 4500
001 L160062
008 150226s2018 xxk f 000 0 eng d
035 _a(Sirsi) u160062
041 0 _aeng
100 1 _aGardiner, Joey
245 0 0 _aGlowing panes
260 _c2018
490 _aModus
_vMay 2018, 34-35(2)
520 _aLooks at the development process of the Maggie's Centre at St Bartholomew's Hospital in London.
590 _aKA
650 2 4 _aHOSPITALS
651 4 _aLONDON
690 _aDEVELOPMENT PROCESS
690 _aBUILDING AND CONSTRUCTION-PROJECTS
942 _n0
999 _c85170
_d85170